Score 0/66 Timer 12:00
0 Plays Today
Historic county City % Correct
Greater LondonCity of London
96.9%
Greater ManchesterManchester
96.1%
CambridgeshireCambridge
92.3%
MerseysideLiverpool
92.1%
West MidlandsBirmingham
90.3%
OxfordshireOxford
90%
BristolBristol
89.6%
Tyne and WearNewcastle upon Tyne
88.3%
West YorkshireLeeds
84.6%
LeicestershireLeicester
84.6%
NottinghamshireNottingham
84.4%
AberdeenshireAberdeen
82.6%
DerbyshireDerby
81.9%
North YorkshireYork
81%
GlamorganCardiff
80.7%
LanarkshireGlasgow
80.2%
MidlothianEdinburgh
79.6%
LincolnshireLincoln
78.4%
County DurhamDurham
75.2%
County AntrimBelfast
73.9%
GloucestershireGloucester
71.8%
HampshirePortsmouth
71.1%
Inverness-shireInverness
71%
NorfolkNorwich
70.7%
HampshireSouthampton
70.3%
GlamorganSwansea
68.4%
CheshireChester
67.9%
South YorkshireSheffield
67.9%
East SussexBrighton and Hove
67.2%
East Riding of YorkshireKingston upon Hull
66.6%
DevonPlymouth
66.4%
DevonExeter
65.6%
HerefordshireHereford
65.6%
Historic county City % Correct
WorcestershireWorcester
64.7%
LancashireLancaster
64.3%
County LondonderryLondonderry
64%
West YorkshireBradford
60.9%
StirlingshireStirling
59.1%
Tyne and WearSunderland
58.5%
SomersetBath
57.1%
West MidlandsCoventry
56.5%
CumbriaCarlisle
54.9%
West MidlandsWolverhampton
53.8%
StaffordshireStoke-on-Trent
52.9%
KentCanterbury
51.9%
LancashirePreston
45.8%
AngusDundee
45.8%
CornwallTruro
42.5%
Greater LondonWestminster
41.5%
CambridgeshirePeterborough
39.8%
CambridgeshireEly
36.8%
Greater ManchesterSalford
35.7%
MonmouthshireNewport
34.2%
HampshireWinchester
33%
County ArmaghArmagh
32.8%
WiltshireSalisbury
31.2%
SomersetWells
30.2%
West SussexChichester
27.8%
HertfordshireSt Albans
27.6%
West YorkshireWakefield
27.4%
GwyneddBangor
27%
PembrokeshireSt. David's
24.9%
North YorkshireRipon
21.7%
StaffordshireLichfield
20%
County DownNewry
13.8%
County AntrimLisburn
12.9%
Remove Ads.
Support Sporcle.
Get the best of Sporcle when you Go Orange. This ad-free experience offers more features, more stats, and more fun while also helping to support Sporcle. Thank you for becoming a member.

You're not logged in!

Compare scores with friends on all Sporcle quizzes.
OR
Log In

Show Comments

Extras

Top Quizzes Today


Score Distribution

Your Account Isn't Verified!

In order to create a playlist on Sporcle, you need to verify the email address you used during registration. Go to your Sporcle Settings to finish the process.

Report this User

Report this user for behavior that violates our Community Guidelines.

Details: